Statistics for Words in the Titles of Shakespeare's Plays

Click here to take the quiz!

General Stats

  • This quiz has been taken 7,976 times
    (7,936 since last reset)
  • The average score is 33 of 64

Answer Stats

Word % Correct
A
98%
The
93%
Romeo
93%
Juliet
92%
And
91%
Hamlet
88%
Night's
87%
Night
87%
Of
86%
Midsummer
83%
Macbeth
83%
Dream
82%
King
79%
Henry
74%
Othello
72%
Richard
70%
Lear
68%
Venice
64%
Merchant
63%
Caesar
61%
Shrew
60%
Taming
60%
Julius
59%
Tempest
55%
About
50%
Nothing
50%
Much
50%
Cleopatra
49%
Ado
49%
Antony
47%
Twelfth
45%
You
45%
It
44%
All's
42%
Two
42%
As
41%
That
40%
Tale
40%
Love's
39%
Merry
39%
Wives
39%
Like
38%
Windsor
38%
Well
38%
Verona
37%
Ends
37%
Gentlemen
34%
John
34%
Winter's
32%
Lost
32%
Labour's
31%
Titus
30%
For
29%
Comedy
28%
Andronicus
28%
Errors
26%
Cressida
25%
Coriolanus
25%
Troilus
23%
Timon
19%
Measure
19%
Athens
19%
Cymbeline
18%
Pericles
18%

Score Distribution

Percentile by Number Answered

Percent of People with Each Score

Your Score History

You have not taken this quiz since the last reset